Normal view
MARC view
- Hajra Choudhary, S. K
Entry Personal Name
001 - CONTROL NUMBER
- control field: 7303
003 - CONTROL NUMBER IDENTIFIER
- control field: OSt
005 - DATE AND TIME OF LATEST TRANSACTION
- control field: 20250315123441.0
008 - FIXED-LENGTH DATA ELEMENTS
- fixed length control field: 250315|| aca||aabn | a|a d
040 ## - CATALOGING SOURCE
- Original cataloging agency: OSt
- Transcribing agency: OSt
100 ## - HEADING--PERSONAL NAME
- Personal name: Hajra Choudhary, S. K
670 ## - SOURCE DATA FOUND
- Source citation: Work cat.: (OSt)520: Hajra Choudhary, S. K , Elements of Workshop Technology, Vol- 2: Machine Tools, 1985, 2006
